Les chansons de Ninho - Mort subite #2 - Statistiques

Statistiques générales
  • Ce quiz a été pris 2 129 fois
  • Le résultat moyen est 8 sur 16
Answers on the Grid
Answers color-coded by a green-red scale on the quiz's grid according to % correct below.
3 mai 2025
2 mai 2025
1 mai 2025
Athéna
Bénéfice
Boîte Auto
Boîte manuelle
Bon qu'à ça
Caramelo
Caramel
Elle a mal
Zipette
Tout ira mieux
Tout ira mal
Tout en Gucci
Tout en Prada
Rose
Money
Mood
Mamacita
Maman ne le sait pas
Maman le sait
La vie de Johnny
La vie de Hallyday
Qui sait ?
LA RUE
 
Statistiques - réponses
Réponse % Correct
Maman ne le sait pas
74%
Zipette
73%
Tout en Gucci
72%
Mamacita
68%
Elle a mal
65%
Caramelo
60%
Rose
60%
La vie de Johnny
55%
Tout ira mieux
55%
Money
49%
3 mai 2025
46%
Athéna
41%
Mood
39%
Bon qu'à ça
37%
Boîte Auto
30%
Bénéfice
24%
Aucun quiz correspondant
Distribution des résultats
% des personnes avec chaque résultat
Percentile par nombre de réponses
Votre historique - résultats
Vous n’avez pas pris ce quiz